000 02213cam a2200313 i 4500
020 _a9781492041948
_q(paperback)
020 _q(paperback)
082 0 4 _a006.31
100 1 _aFoster, David
_c(Data scientist),
_eauthor.
245 1 0 _aGenerative deep learning :
_bteaching machines to paint, write, compose, and play /
_cDavid Foster.
250 _aFirst edition.
260 _aBeijing
_bOreilly
_c2019
300 _axv, 308 pages :
_billustrations (chiefly color) ;
_c24 cm
504 _aIncludes bibliographical references and index.
650 0 _aMachine learning.
_9966
650 0 _aArtificial intelligence.
_918060
650 0 _aNeural networks (Computer science)
_918586
650 0 _aGenerative programming (Computer science)
_952050
650 7 _aArtificial intelligence.
_918060
650 7 _aGenerative programming (Computer science)
_952050
650 7 _aMachine learning.
_9966
650 7 _aNeural networks (Computer science)
_918586
942 _2ddc
_cBK
999 _c554507
_d554507